La retórica en el ámbito de las humanidades: seminario 2002-2003
Tallennettuna:
| Päätekijä: | |
|---|---|
| Aineistotyyppi: | Kirja |
| Kieli: | espanja |
| Julkaistu: |
Jaén
Universidad de Jaén
2003
|
| Aiheet: | |
| Tagit: |
Lisää tagi
Ei tageja, Lisää ensimmäinen tagi!
|
MARC
| LEADER | 00000nam a2200000 a 4500 | ||
|---|---|---|---|
| 001 | UCK6464 | ||
| 003 | CL-VaPUC | ||
| 005 | 20220315074419.0 | ||
| 008 | 050930e20030400sp 1 spa d | ||
| 020 | |a 8484391574 | ||
| 082 | 0 | 4 | |a 808 |b PUL |2 21 |
| 100 | 1 | |a Pulido Tirado, Genara |e author |9 620796 | |
| 245 | 1 | 3 | |a La retórica en el ámbito de las humanidades: seminario 2002-2003 |
| 260 | |a Jaén |b Universidad de Jaén |c 2003 | ||
| 300 | |a 163 p | ||
| 583 | |a last modification |c 20190826 09:30:55 |k Rodrigo Vera | ||
| 650 | 0 | 0 | |a Retórica |9 266620 |
| 650 | 0 | 0 | |a Literatura |9 259151 |
| 650 | 0 | 0 | |a Historia y crítica |9 257407 |
| 650 | 0 | 0 | |a Congresos |9 257560 |
| 942 | |c BK | ||
| 945 | |a jcarroza |d 20050930 00:00:00 | ||
| 546 | |a En Español | ||
| 536 | |a Universidad de Jaén | ||
| 518 | |p Seminario Aula de Literatura Comparada, 6, Jaén, 2002-2003 | ||
| 999 | |c 384161 |d 384159 | ||
| 952 | |0 0 |1 0 |4 0 |6 808_000000000000000_PUL_2003 |7 0 |8 A |9 506663 |a BIBEDU |b BIBEDU |d 2020-01-23 |i 415200K |o 808 PUL 2003 |p 415200K |r 2020-01-23 |w 2020-01-23 |y BK |k LIT | ||